[Event "It"]
[Site "masterchessopen.com – Hilversum (Netherlands)"]
[Round "0"]
[White "Kramer Marco (GER)"]
[Black "Prins Lodewijk (NED)"]
[Result "1-0"]
[WhiteElo "2230"]
[BlackElo "2220"]

1.d4 Nf6 2.c4 g6 3.Nc3 d5 4.Nf3 Bg7 5.Qb3 dxc4 6.Qxc4 O-O 7.e4 Na6 8.Be2 c5
9.dxc5 Qa5 10.e5 Ng4 11.Bf4 Be6 12.Qb5 Qc7 13.c6 Rab8 14.h3 bxc6 15.Qxa6 Nxe5
16.Nxe5 Bxe5 17.Bxe5 Qxe5 18.O-O Rxb2 19.Qd3 Rfb8 20.Bf3 Bf5 21.Qe3 Qxe3
22.fxe3 c5 23.Na4 Rc2 24.Rfc1 c4 25.e4 Rxc1+ 26.Rxc1 Rb4 {#r} 1-0

[Event "Ch BRD"]
[Site "masterchessopen.com – Bad Pyrmont (Germany)"]
[Round "0"]
[White "Saemisch Friedrich (GER)"]
[Black "Marcus Hakan (SWE)"]
[Result "1-0"]
[WhiteElo "2200"]
[BlackElo "2160"]

1.d4 Nf6 2.c4 g6 3.Nc3 d5 4.Nf3 Bg7 5.Qb3 dxc4 6.Qxc4 O-O 7.e4 Na6 8.Qa4 c5
9.d5 Nc7 10.Be3 Nd7 11.Rd1 Ne8 12.Be2 Nd6 13.O-O f5 14.exf5 Nxf5 15.Ng5 Nxe3
16.fxe3 Rxf1+ 17.Bxf1 Nb6 18.Qb3 Bxc3 19.d6+ Kg7 20.Qf7+ Kh6 21.dxe7 {#r} 1-0

[Event "Zt"]
[Site "masterchessopen.com – Prague (Czech Republic)"]
[Round "9"]
[White "Palmason Gudmundur (ISL)"]
[Black "Pachman Ludek (GER)"]
[Result "0-1"]
[WhiteElo "2270"]
[BlackElo "2278"]

1.d4 Nf6 2.Nf3 g6 3.c4 Bg7 4.Nc3 d5 5.Qb3 dxc4 6.Qxc4 O-O 7.e4 Na6 8.Be2 c5
9.d5 e6 10.O-O exd5 11.exd5 Qb6 12.Bd2 Bf5 13.Nh4 Bd7 14.b3 Rfe8 15.Rfe1 Nb4
16.Bf3 Qd8 17.g3 Nc2 18.Rxe8+ Nxe8 19.Rc1 Nd4 20.Bg2 b5 21.Qd3 b4 22.Ne4 Bb5
23.Qb1 Ne2+ 24.Kh1 Nxc1 25.Qxc1 Rc8 26.Bg5 f6 27.Be3 c4 28.bxc4 Bxc4 29.Qd2
Bxd5 {#R} 0-1

[Event "Ch \"]
[Site "masterchessopen.com – Kislovodsk (Russia)"]
[Round "0"]
[White "Vladimirov Boris T (RUS)"]
[Black "Ilivitzki Georgi A (RUS)"]
[Result "1-0"]
[WhiteElo "2340"]
[BlackElo "2380"]

1.d4 Nf6 2.c4 g6 3.Nc3 d5 4.Nf3 Bg7 5.Qb3 dxc4 6.Qxc4 O-O 7.e4 Na6 8.Bg5 c5
9.d5 h6 10.Bh4 g5 11.Bg3 e6 12.O-O-O exd5 13.exd5 Nh5 14.Be5 f6 15.Bg3 Nxg3
16.hxg3 Bd7 17.d6+ Kh8 18.Bd3 f5 19.Ne5 Kh7 20.f4 Bxe5 21.fxe5 Qe8 22.g4 Kg7
23.Bxf5 Bxf5 24.gxf5 Qxe5 25.Qe6 Qf4+ 26.Rd2 Rf6 27.Qxf6+ Kxf6 28.Nd5+ Kxf5
29.Nxf4 Kxf4 30.Rxh6 Nb4 31.d7 Rd8 32.Re6 Nxa2+ 33.Kd1 Nb4 34.Re8 {#r} 1-0

[Event "It"]
[Site "masterchessopen.com – Sochi (Russia)"]
[Round "11"]
[White "Antoshin Vladimir S (RUS)"]
[Black "Kozma Julius (CSR)"]
[Result "1-0"]
[WhiteElo "2250"]
[BlackElo "2380"]

1.d4 Nf6 2.c4 g6 3.Nc3 d5 4.Qb3 dxc4 5.Qxc4 Bg7 6.e4 O-O 7.Nf3 Na6 8.Be2 c5
9.d5 e6 10.O-O exd5 11.exd5 Re8 12.Bg5 h6 13.Bf4 Bf5 14.Ne5 Qb6 15.d6 Be6
16.Qd3 Qb4 17.Qd2 g5 18.Bg3 c4 19.f4 gxf4 20.Bxf4 Nd5 21.Bxh6 Nxc3 22.Bxg7
Nxe2+ 23.Qxe2 Kxg7 24.Qh5 Qxd6 25.Rxf7+ Bxf7 26.Qxf7+ Kh6 27.Ng4+ Kg5 28.Qg7+
{#r} 1-0

[Event "Ch Hungary"]
[Site "masterchessopen.com – Budapest (Hungary)"]
[Round "0"]
[White "Sapi Laszlo (HUN)"]
[Black "Szilagyi Peter (HUN)"]
[Result "1-0"]
[WhiteElo "2275"]
[BlackElo "2373"]

1.d4 Nf6 2.c4 g6 3.Nc3 d5 4.Qb3 dxc4 5.Qxc4 Bg7 6.e4 O-O 7.Nf3 Na6 8.Bg5 h6
9.Bf4 c5 10.d5 e6 11.d6 Nh5 12.Be3 Nb4 13.O-O-O b6 14.e5 f5 15.g4 b5 16.Qxc5
Nxa2+ 17.Nxa2 Bb7 18.Qxb5 Rc8+ 19.Bc4 fxg4 20.Nd2 Bc6 21.Qa6 Bxh1 22.Rxh1 Bxe5
23.Nc3 Kh8 24.Nde4 Nf6 25.Rd1 Nxe4 26.Nxe4 Qh4 27.d7 Rb8 28.b3 g3 29.Nxg3 Qe7
30.Ne4 Qb4 31.Bc5 {#r} 1-0

[Event "It"]
[Site "masterchessopen.com – Leipzig (Germany)"]
[Round "0"]
[White "Antoshin Vladimir S (RUS)"]
[Black "Barczay Laszlo (HUN)"]
[Result "1-0"]
[WhiteElo "2250"]
[BlackElo "2381"]

1.d4 Nf6 2.c4 g6 3.Nc3 d5 4.Nf3 Bg7 5.Qb3 dxc4 6.Qxc4 O-O 7.e4 Na6 8.Bg5 h6
9.Bh4 c5 10.d5 b5 11.Nxb5 Qa5+ 12.Nd2 Nxe4 13.Qxe4 Bf5 14.Qc4 Bxb2 15.g4 Be4
16.Qxe4 Bxa1 17.Bc4 Bf6 18.d6 Kg7 19.dxe7 Bxh4 20.exf8=Q+ Rxf8 21.Nd6 Rd8
22.Qd5 Qb6 23.Qxf7+ Kh8 24.N6e4 {#r} 1-0

[Event "?"]
[Site "masterchessopen.com – London (England)"]
[Round "0"]
[White "Littlewood Norman"]
[Black "Cortlever Nicolaas (NED)"]
[Result "1-0"]
[WhiteElo "2328"]
[BlackElo "2390"]

1.d4 Nf6 2.c4 g6 3.Nc3 d5 4.Nf3 Bg7 5.Qb3 dxc4 6.Qxc4 O-O 7.e4 Na6 8.Bg5 c5
9.d5 e6 10.e5 exd5 11.Qh4 Qb6 12.Bxa6 Ng4 13.O-O Qxa6 14.Rfe1 Be6 15.h3 f6
16.hxg4 fxg5 17.Nxg5 h6 18.Nxe6 Qxe6 19.Nb5 Qd7 20.Nd6 Bxe5 21.Rxe5 Qxd6
22.Rae1 g5 23.Rxg5+ hxg5 24.Qxg5+ Kf7 25.Re5 Rad8 26.Qh5+ Kf6 27.f4 Rh8
28.Rf5+ {#r} 1-0

[Event "?"]
[Site "masterchessopen.com – URS"]
[Round "0"]
[White "Gufeld Eduard (USA)"]
[Black "Savon Vladimir A (UKR)"]
[Result "0-1"]
[WhiteElo "2434"]
[BlackElo "2443"]

1.d4 Nf6 2.c4 g6 3.Nc3 d5 4.Nf3 Bg7 5.Qb3 dxc4 6.Qxc4 O-O 7.e4 Na6 8.Be2 c5
9.d5 e6 10.O-O exd5 11.exd5 Qb6 12.Rd1 Re8 13.Qh4 Bf5 14.Bg5 Nb4 15.d6 Re6
16.d7 Nxd7 17.g4 Rxe2 18.Nxe2 Be4 19.Rxd7 Bxf3 20.Rad1 Rf8 21.Be7 Bxe2 22.Bxf8
Bxf8 23.Rxf7 Kxf7 24.Qxh7+ Kf6 25.Rd7 Ke5 26.Qf7 Bd6 27.f4+ Ke4 28.Qxg6+ Kd5
29.Qf7+ Kc6 30.Qe8 c4+ 31.Kg2 Kc5 32.Qxe2 Qc6+ {#R} 0-1

[Event "Tournament"]
[Site "masterchessopen.com – URS"]
[Round "0"]
[White "Dzindzichashvili Roman (USA)"]
[Black "Gurgenidze Bukhuti (GEO)"]
[Result "1-0"]
[WhiteElo "2550"]
[BlackElo "2108"]

1.d4 Nf6 2.c4 g6 3.Nc3 d5 4.Nf3 Bg7 5.Qb3 dxc4 6.Qxc4 O-O 7.e4 Na6 8.Bg5 c5
9.d5 h6 10.Bh4 b5 11.Nxb5 Nxe4 12.Qxe4 Qa5+ 13.Nd2 Bxb2 14.Qb1 Bxa1 15.Qxa1
Nb4 16.Qc3 Bd7 17.Bxe7 Rfe8 18.d6 Bxb5 19.Ne4 Nd3+ 20.Bxd3 Qxc3+ 21.Nxc3 Bxd3
22.Nd5 Reb8 23.Kd2 Bf5 24.Rc1 Rb2+ 25.Ke3 Rc8 26.Bf6 Rbb8 27.Ne7+ Kf8 28.Nxf5
gxf5 29.d7 Rd8 30.Rd1 {#r} 1-0

[Event "Ch Great Britain (juniors)"]
[Site "masterchessopen.com – Oxford (England)"]
[Round "1"]
[White "Sugden John N (ENG)"]
[Black "Davies Nigel R (ENG)"]
[Result "1-0"]
[WhiteElo "2180"]
[BlackElo "2494"]

1.d4 Nf6 2.c4 g6 3.Nc3 d5 4.Nf3 Bg7 5.Qb3 dxc4 6.Qxc4 O-O 7.e4 Na6 8.Bg5 h6
9.Bh4 c5 10.d5 b5 11.Nxb5 Qa5+ 12.Nd2 Nxe4 13.Qxe4 Bxb2 14.Rd1 Bf5 15.Qc4 Nb4
16.Be2 Bc2 17.O-O Bxd1 18.Rxd1 Rac8 19.Bxe7 Rfe8 20.Nd6 Rxe7 21.Nxc8 Rd7 22.d6
Kg7 23.Ne4 {#r} 1-0

[Event "It"]
[Site "masterchessopen.com – Zinnowitz (Germany)"]
[Round "0"]
[White "Uhlmann Wolfgang (GER)"]
[Black "Spiridonov Nikola (BUL)"]
[Result "1-0"]
[WhiteElo "2379"]
[BlackElo "2239"]

1.d4 Nf6 2.c4 g6 3.Nc3 d5 4.Nf3 Bg7 5.Qb3 dxc4 6.Qxc4 O-O 7.e4 Na6 8.Qa4 c5
9.d5 Bd7 10.Bb5 Nb4 11.O-O a6 12.Bxd7 Nxd7 13.Qd1 c4 14.Qa4 Nd3 15.Qxc4 N7c5
16.e5 b5 17.Qd4 Qc7 18.Ne4 Nxe4 19.Qxd3 Nc5 20.Qc3 Rfd8 21.Be3 b4 {#r} 1-0

[Event "Ch Hungary"]
[Site "masterchessopen.com – Budapest (Hungary)"]
[Round "0"]
[White "Forintos Gyozo V (HUN)"]
[Black "Adorjan Andras (HUN)"]
[Result "1-0"]
[WhiteElo "2317"]
[BlackElo "2504"]

1.d4 Nf6 2.c4 g6 3.Nc3 d5 4.Nf3 Bg7 5.Qb3 dxc4 6.Qxc4 O-O 7.e4 Na6 8.Qa4 c5
9.d5 Qb6 10.Bxa6 bxa6 11.O-O e6 12.Bg5 Bd7 13.Qc2 Rab8 14.Rab1 exd5 15.Bxf6
Qxf6 16.Nxd5 Qd6 17.Rfd1 Rfe8 18.b3 a5 19.a4 Qc6 20.Qc4 Bc8 21.Nd4 {#r} 1-0

[Event "Ch World (team) (under 26) (prel-D)"]
[Site "masterchessopen.com – Ybbs (Austria)"]
[Date "1968.07.17"]
[Round "4"]
[White "Patterson Nicholas J (IRL)"]
[Black "Jensen Allan (DEN)"]
[Result "0-1"]
[WhiteElo "2345"]
[BlackElo "2171"]

1.d4 Nf6 2.c4 g6 3.Nc3 d5 4.Nf3 Bg7 5.Qb3 dxc4 6.Qxc4 O-O 7.e4 Na6 8.Bg5 h6
9.Bh4 c5 10.d5 b5 11.Qxb5 Rb8 12.Qa4 Rb4 13.Qa3 Qb6 14.Be2 Nxe4 15.O-O g5
16.Bg3 Nxg3 17.hxg3 Rxb2 18.Bxa6 Bxa6 19.Rfe1 Rc2 20.Rac1 Rxc1 21.Qxc1 Qb4
22.Ne4 c4 23.a3 Qb2 24.Qxb2 Bxb2 25.Nc5 c3 26.Nd4 Bc4 27.Rxe7 Bxd5 28.Rxa7 Rc8
29.Ra5 Ba2 30.Kf1 c2 {#R} 0-1

[Event "Olympiad (students) (team)"]
[Site "masterchessopen.com – Dresden (Germany)"]
[Round "0"]
[White "Pountzas Hrisanthos (GRE)"]
[Black "Averkin Orest N (RUS)"]
[Result "0-1"]
[WhiteElo "2129"]
[BlackElo "2376"]

1.d4 Nf6 2.Nf3 g6 3.c4 Bg7 4.Nc3 d5 5.Qb3 dxc4 6.Qxc4 O-O 7.e4 Na6 8.Bd3 c5
9.d5 Nb4 10.a3 b5 11.Nxb5 Nxd3+ 12.Qxd3 Nxe4 13.Qxe4 Qa5+ 14.Nc3 Bxc3+ 15.Bd2
Bxd2+ 16.Nxd2 Rb8 17.O-O-O Bf5 18.Qc4 Rb5 19.g4 Rfb8 20.gxf5 Rxb2 21.Qd3 Ra2
22.Nb1 Qb6 {#R} 0-1

[Event "Ch Europe (juniors)"]
[Site "masterchessopen.com – Groningen (Netherlands)"]
[Round "1"]
[White "Schaufelberger Heinz (SUI)"]
[Black "Webb Simon (ENG)"]
[Result "0-1"]
[WhiteElo "2312"]
[BlackElo "2420"]

1.c4 Nf6 2.d4 g6 3.Nc3 d5 4.Nf3 Bg7 5.Qb3 dxc4 6.Qxc4 O-O 7.e4 Na6 8.Bf4 c5
9.dxc5 Qa5 10.Nd2 Be6 11.Qa4 Qxa4 12.Nxa4 Nb4 13.Kd1 Rfd8 14.a3 Nxe4 15.axb4
Nxd2 16.Ke1 Nb3 17.Ra3 Rd4 18.Be3 Rxb4 19.Nb6 Rd8 20.Rxa7 Nd4 21.Rxb7 Rxb2
22.Bd3 Nc6 {#R} 0-1

[Event "It"]
[Site "masterchessopen.com – Medellin (Colombia)"]
[Date "1972.03.26"]
[Round "2"]
[White "Agudelo Antonio (COL)"]
[Black "Estevez Guillermo (CUB)"]
[Result "0-1"]
[WhiteElo "2272"]
[BlackElo "2395"]

1.d4 Nf6 2.c4 g6 3.Nc3 d5 4.Nf3 Bg7 5.Qb3 dxc4 6.Qxc4 O-O 7.e4 Na6 8.h3 c5
9.Be3 Qa5 10.Nd2 cxd4 11.Bxd4 Be6 12.Qb5 Qb4 13.Qxb4 Nxb4 14.Rc1 Bxa2 15.Bc5
a5 16.Bxe7 Rfe8 17.Bd6 Nxe4 18.Ncxe4 Bd5 19.Bb5 Bxe4 20.Bxe8 Nd3+ 21.Kd1 Nxc1
22.Ba4 Nd3 23.Nxe4 Nxb2+ 24.Ke2 Nxa4 25.Rb1 Re8 26.Rxb7 Nc3+ {#R} 0-1

[Event "It (cat.8)"]
[Site "masterchessopen.com – Slupsk (Poland)"]
[Round "0"]
[White "Adamski Jan (POL)"]
[Black "Timoscenko Gennadij (SVK)"]
[Result "0-1"]
[WhiteElo "2297"]
[BlackElo "2530"]

1.d4 Nf6 2.c4 g6 3.Nc3 d5 4.Nf3 Bg7 5.Qb3 dxc4 6.Qxc4 O-O 7.e4 Na6 8.Be2 c5
9.d5 e6 10.O-O exd5 11.exd5 Re8 12.Rd1 Bf5 13.Bg5 h6 14.Bxf6 Bxf6 15.a3 Qb6
16.Rd2 Rad8 17.Rad1 Rd6 18.h3 h5 19.Bf1 Kg7 20.Qb5 Nc7 21.Qxb6 axb6 22.Nb5
Nxb5 23.Bxb5 Red8 24.a4 Bd7 25.Bxd7 R8xd7 {#R} 0-1

[Event "It (cat.7)"]
[Site "masterchessopen.com – Bangalore (India)"]
[Round "0"]
[White "Ree Hans (NED)"]
[Black "Thipsay Praveen M (IND)"]
[Result "0-1"]
[WhiteElo "2510"]
[BlackElo "2390"]

1.d4 Nf6 2.c4 g6 3.Nc3 d5 4.Nf3 Bg7 5.Qb3 dxc4 6.Qxc4 O-O 7.e4 Na6 8.Be2 c5
9.d5 e6 10.O-O exd5 11.exd5 Bf5 12.Be3 Re8 13.Rad1 Ne4 14.Nxe4 Rxe4 15.Qc1 Qd7
16.Bxa6 bxa6 17.Qxc5 Bxb2 18.Nd4 Bh3 19.Ne2 Bxg2 20.Kxg2 Rh4 21.Rh1 Rc8
22.Qxa7 Qh3+ 23.Kg1 Qf3 24.Re1 Bc3 25.Qxa6 Qg4+ 26.Ng3 Bxe1 27.f3 Qh3 28.Ne4
Rxe4 {#R} 0-1

[Event "?"]
[Site "masterchessopen.com – Reggio Emilia (Italy)"]
[Round "0"]
[White "Formanek Edward W (USA)"]
[Black "Reggiani Mauro (ITA)"]
[Result "1-0"]
[WhiteElo "2370"]
[BlackElo "2221"]

1.d4 Nf6 2.c4 g6 3.Nc3 d5 4.Nf3 Bg7 5.Qb3 dxc4 6.Qxc4 O-O 7.e4 Na6 8.Be2 c5
9.dxc5 Be6 10.Qb5 Bd7 11.Qxb7 Nxc5 12.Qb4 Qc7 13.e5 Rfb8 14.Qd4 Ne6 15.Qh4 Ne8
16.Qxe7 Bf8 17.Qh4 Ba3 18.O-O Bxb2 19.Nd5 Qc5 20.Ne7+ Kf8 21.Ng5 Nxg5 22.Bxg5
Qxe5 23.Rae1 Bc3 24.Bc4 Qh8 25.Bh6+ Bg7 26.Nf5 Be6 27.Qe7+ Kg8 28.Bxe6 fxe6
29.Qxe6+ Kf8 30.Nxg7 Nxg7 31.Qf6+ {#r} 1-0

[Event "Ch Bulgaria"]
[Site "masterchessopen.com – Sofia (Bulgaria)"]
[Round "12"]
[White "Popov Luben (BUL)"]
[Black "Radev Nikolai (BUL)"]
[Result "1-0"]
[WhiteElo "2445"]
[BlackElo "2360"]

1.d4 Nf6 2.c4 g6 3.Nc3 d5 4.Nf3 Bg7 5.Qb3 dxc4 6.Qxc4 O-O 7.e4 Na6 8.Be2 c5
9.d5 e6 10.Bg5 h6 11.Bh4 b5 12.Nxb5 g5 13.Bg3 Nxe4 14.Qxe4 Qa5+ 15.Kf1 Bd7
16.Bd3 Rfd8 17.Qh7+ Kf8 18.Be5 f6 19.Bxf6 Bxf6 20.dxe6 Bg7 21.Ne5 {#r} 1-0

[Event "Olympiad"]
[Site "masterchessopen.com – Lucerne (Switzerland)"]
[Round "0"]
[White "Santos Jose P (POR)"]
[Black "Feller Joseph (LUX)"]
[Result "1-0"]
[WhiteElo "2283"]
[BlackElo "2182"]

1.d4 Nf6 2.c4 g6 3.Nc3 d5 4.Nf3 Bg7 5.Qb3 dxc4 6.Qxc4 O-O 7.e4 Na6 8.Bf4 c5
9.Rd1 Qa5 10.d5 Bd7 11.Nd2 Nh5 12.Be3 Rac8 13.Be2 Nb4 14.O-O Nc2 15.Bg5 b5
16.Nxb5 Bxb5 17.Qxb5 Qxb5 18.Bxb5 f6 19.Bh4 Rb8 20.Bc4 Rfd8 21.b3 Kf8 22.Rc1
Nd4 23.f3 Bh6 {#r} 1-0

[Event "It"]
[Site "masterchessopen.com – Beer-Sheva (Israel)"]
[Round "10"]
[White "Gurevich Dmitry (USA)"]
[Black "Stepak Yedael (ISR)"]
[Result "1-0"]
[WhiteElo "2505"]
[BlackElo "2355"]

1.d4 Nf6 2.c4 g6 3.Nc3 d5 4.Nf3 Bg7 5.Qb3 dxc4 6.Qxc4 O-O 7.e4 Na6 8.Be2 c5
9.d5 e6 10.O-O exd5 11.exd5 Re8 12.Be3 Bf5 13.h3 Ne4 14.Rfd1 Nxc3 15.bxc3 Bc2
16.Rd2 Re4 17.Qb5 Bxc3 18.Rxc2 Bxa1 19.Qxb7 Nb4 20.Rc1 Bf6 21.d6 Rxe3 22.fxe3
Nxa2 23.Rxc5 Rb8 24.Qc7 Qe8 25.Kh2 Rd8 26.e4 Qxe4 27.Bc4 Qf4+ 28.Kh1 Qxd6
29.Qxf7+ Kh8 30.Rc7 Qd1+ 31.Ng1 {#r} 1-0

[Event "Ch France (team)"]
[Site "masterchessopen.com – France"]
[Round "0"]
[White "Dussol Pierre (FRA)"]
[Black "Kouatly Bachar (FRA)"]
[Result "0-1"]
[WhiteElo "2220"]
[BlackElo "2470"]

1.d4 Nf6 2.Nf3 g6 3.c4 Bg7 4.Nc3 d5 5.Qb3 dxc4 6.Qxc4 O-O 7.e4 Na6 8.Bg5 c5
9.d5 e6 10.e5 exd5 11.Qb3 c4 12.Qd1 Qe8 13.Bxf6 Bxf6 14.Qd4 Bg7 15.Nxd5 b5
16.Be2 Bb7 17.O-O Rd8 18.Qxa7 Bxd5 19.Qxa6 Bxe5 20.Rae1 Rd6 21.Qa3 Re6 22.Ng5
Bxh2+ 23.Kxh2 Rxe2 24.Qh3 h5 25.Qc3 b4 26.Qxb4 Qe5+ 27.f4 Rxg2+ {#R} 0-1

[Event "It \"]
[Site "masterchessopen.com – Dresden (Germany)"]
[Round "0"]
[White "Labahn Wolfgang (GER)"]
[Black "Hoffmann Hendrik (GER)"]
[Result "0-1"]
[WhiteElo "2136"]
[BlackElo "2253"]

1.Nf3 Nf6 2.d4 g6 3.c4 Bg7 4.Nc3 d5 5.Qb3 dxc4 6.Qxc4 O-O 7.e4 Na6 8.Be2 c5
9.d5 e6 10.O-O exd5 11.exd5 Bf5 12.Bf4 Re8 13.Rfe1 Nb4 14.Rad1 Nc2 15.Rf1 Nd4
16.Nxd4 cxd4 17.Rxd4 Rc8 18.Qa4 Rxc3 19.bxc3 Rxe2 20.Be3 Nxd5 21.Rdd1 Bc2
22.Qc4 Bxd1 23.Rxd1 Rb2 24.g3 b5 25.Rxd5 Rb1+ 26.Kg2 Qa8 27.Qd3 h5 28.f3 Rb2+
29.Kf1 Qc6 30.Rd8+ Kh7 31.Rd5 f5 32.Bxa7 Qe6 33.Rxb5 Qa6 {#R} 0-1

[Event "Ch Poland (team)"]
[Site "masterchessopen.com – Porabka (Poland)"]
[Round "10"]
[White "Radziejewski Dariusz (POL)"]
[Black "Jezierski Piotr (POL)"]
[Result "1-0"]
[WhiteElo "2300"]
[BlackElo "2310"]

1.d4 Nf6 2.c4 g6 3.Nc3 d5 4.Nf3 Bg7 5.Qb3 dxc4 6.Qxc4 O-O 7.e4 Na6 8.Qb3 c5
9.d5 e6 10.Bxa6 bxa6 11.O-O exd5 12.exd5 Bf5 13.Rd1 Ne4 14.Nxe4 Bxe4 15.Bf4
Rc8 16.d6 Bxf3 17.Qxf3 Qd7 18.Rd2 Rfe8 19.Rad1 Re6 20.h3 a5 21.Re2 Rxe2
22.Qxe2 Bf6 23.Re1 a4 24.Qd2 c4 25.Re3 Kg7 26.a3 Kg8 27.Qd5 Kg7 28.Be5 Bxe5
29.Qxe5+ Kg8 30.Qd5 Kg7 31.Qd4+ Kg8 32.Re7 Qc6 33.d7 Rd8 34.Qe5 {#r} 1-0

[Event "Simultan"]
[Site "masterchessopen.com – Baku (Azerbaijan)"]
[Round "0"]
[White "Janjgava Lasha (GEO)"]
[Black "Kasparov Garry (RUS)"]
[Result "0-1"]
[WhiteElo "2410"]
[BlackElo "2740"]

1.d4 Nf6 2.c4 g6 3.Nc3 d5 4.Nf3 Bg7 5.Qb3 dxc4 6.Qxc4 O-O 7.e4 Na6 8.Be2 c5
9.d5 e6 10.O-O exd5 11.exd5 Bf5 12.Bf4 Re8 13.Rad1 Ne4 14.Nb5 Qf6 15.Bd3 Rad8
16.Rde1 Qxb2 17.Nc7 Nxc7 18.Bxc7 Nd2 19.Rxe8+ Rxe8 20.Nxd2 Qxd2 21.Bxf5 gxf5
22.g3 Bd4 23.d6 Re1 24.Kg2 Rxf1 25.Qxf1 Qxa2 26.Qb5 Kg7 27.Kh3 Qd5 28.Qe8 Qc4
29.Kg2 Qc2 30.Qe1 Qa4 31.Qd2 Qc6+ 32.f3 Bf6 {#R} 0-1

[Event "It"]
[Site "masterchessopen.com – Bern (Switzerland)"]
[Round "0"]
[White "Szabo Laszlo (HUN)"]
[Black "Costa Jean-Luc (SUI)"]
[Result "1-0"]
[WhiteElo "1903"]
[BlackElo "2417"]

1.d4 Nf6 2.Nf3 g6 3.c4 Bg7 4.Nc3 d5 5.Qb3 dxc4 6.Qxc4 O-O 7.e4 Na6 8.Be2 c5
9.d5 e6 10.O-O exd5 11.exd5 Re8 12.Be3 Bf5 13.Qb3 Nb4 14.Bxc5 Nc2 15.Rac1 Nd7
16.Bd6 Bxc3 17.Bd1 Bd3 18.bxc3 Bxf1 19.Kxf1 Qf6 20.Bg3 Qa6+ 21.c4 Na3 22.Rc3
Nxc4 23.Qxc4 b5 24.Qd3 Qxa2 25.Qxb5 Qa1 26.Rd3 Nf6 27.Bc7 a5 28.d6 a4 29.d7
Nxd7 30.Rxd7 a3 31.Qd5 Rf8 32.Be5 Qc1 33.h4 a2 34.Rxf7 {#r} 1-0

[Event "It"]
[Site "masterchessopen.com – Budel (Netherlands)"]
[Round "0"]
[White "Renet Olivier (FRA)"]
[Black "Kouatly Bachar (FRA)"]
[Result "1-0"]
[WhiteElo "2486"]
[BlackElo "2440"]

1.d4 Nf6 2.c4 g6 3.Nf3 Bg7 4.Nc3 d5 5.Qb3 dxc4 6.Qxc4 O-O 7.e4 Na6 8.Bg5 c5
9.d5 h6 10.Bh4 e6 11.O-O-O Qa5 12.Qb5 Qxb5 13.Bxb5 exd5 14.exd5 Bf5 15.Bxa6
bxa6 16.Rhe1 Nd7 17.Bg3 c4 18.Nd4 Bd3 19.Nc6 Rfe8 20.d6 Kf8 21.Re7 Nc5 22.Nd5
Be4 23.d7 Rxe7 24.Ndxe7 Nb7 25.f3 Bf6 26.Nd5 Bxd5 27.Rxd5 Nd8 28.Bd6+ Kg7
29.Nxd8 Bxd8 30.Rc5 Bg5+ 31.Rxg5 Rd8 32.Rd5 {#r} 1-0

[Event "?"]
[Site "masterchessopen.com – Kolhapur (India)"]
[Round "0"]
[White "Damljanovic Branko (SRB)"]
[Black "Kouatly Bachar (FRA)"]
[Result "0-1"]
[WhiteElo "2500"]
[BlackElo "2440"]

1.d4 Nf6 2.Nf3 g6 3.c4 Bg7 4.Nc3 d5 5.Qb3 dxc4 6.Qxc4 O-O 7.e4 Na6 8.Be2 c5
9.d5 e6 10.O-O exd5 11.exd5 Bf5 12.Bf4 Re8 13.Rae1 Qb6 14.Bd3 Bxd3 15.Qxd3
Rxe1 16.Rxe1 Rd8 17.d6 Qxb2 18.Be5 Ng4 19.Bxg7 Qxf2+ 20.Kh1 Qxe1+ {#R} 0-1

[Event "It"]
[Site "masterchessopen.com – Moscow (Russia)"]
[Round "0"]
[White "Dreev Alexey (RUS)"]
[Black "Semeniuk Alexander A (RUS)"]
[Result "0-1"]
[WhiteElo "2475"]
[BlackElo "2417"]

1.d4 Nf6 2.Nf3 g6 3.c4 Bg7 4.Nc3 d5 5.Qb3 dxc4 6.Qxc4 O-O 7.e4 Na6 8.Be2 c5
9.d5 e6 10.O-O exd5 11.exd5 Bf5 12.Bf4 Ne8 13.a3 Nd6 14.Qb3 Re8 15.Rad1 Bxc3
16.Bxa6 Bf6 17.Bxd6 Qxd6 18.Qxb7 Rab8 19.Qc6 Red8 20.Rfe1 Kg7 21.Bb7 Bxb2
22.a4 c4 23.Nd4 Bxd4 24.Rxd4 Qb4 {#R} 0-1

[Event "It"]
[Site "masterchessopen.com – Ostend (Belgium)"]
[Round "9"]
[White "Martin Andrew D (ENG)"]
[Black "Bolzoni Victor Angel (BEL)"]
[Result "0-1"]
[WhiteElo "2375"]
[BlackElo "2189"]

1.d4 Nf6 2.Nf3 g6 3.c4 Bg7 4.Nc3 d5 5.Qb3 dxc4 6.Qxc4 O-O 7.e4 Na6 8.Be2 c5
9.d5 e6 10.O-O exd5 11.exd5 Bf5 12.Bf4 Re8 13.Rad1 Ne4 14.Nb5 Qf6 15.d6 Bd7
16.Be5 Rxe5 17.Nxe5 Qxe5 18.Bf3 Rd8 19.Bxe4 Bxb5 20.Qxb5 Qxe4 21.Rfe1 Qc6
22.Qxc6 bxc6 23.Re7 Bxb2 24.d7 Kf8 25.Rde1 Nc7 26.R7e3 c4 {#R} 0-1

[Event "It (open)"]
[Site "masterchessopen.com – Caorle (Italy)"]
[Round "3"]
[White "Marinelli Tullio (ITA)"]
[Black "Sand Rolf Dr (GER)"]
[Result "1-0"]
[WhiteElo "2373"]
[BlackElo "2000"]

1.d4 Nf6 2.c4 g6 3.Nc3 d5 4.Nf3 Bg7 5.Qb3 dxc4 6.Qxc4 O-O 7.e4 Na6 8.Be2 c5
9.d5 e6 10.O-O exd5 11.exd5 Bf5 12.Bf4 Qb6 13.Nb5 Rfd8 14.d6 Be6 15.Qa4 Nd5
16.Bg3 Nab4 17.a3 Nc6 18.Ng5 Bd7 19.Qc4 Be6 20.Nxe6 fxe6 21.Bg4 Nf6 22.Bxe6+
Kh8 23.d7 Nd4 24.Nxd4 cxd4 25.Bc7 Qc6 26.Qxc6 bxc6 27.Bxd8 Rxd8 28.Rfe1 h6
29.Rac1 Nxd7 30.Rxc6 d3 31.Rd6 {#r} 1-0

[Event "It (cat.10)"]
[Site "masterchessopen.com – Lvov (Ukraine)"]
[Round "0"]
[White "Petrosian Arshak B (ARM)"]
[Black "Mihalcisin Adrian (SLO)"]
[Result "0-1"]
[WhiteElo "2460"]
[BlackElo "2480"]

1.d4 Nf6 2.c4 g6 3.Nc3 d5 4.Nf3 Bg7 5.Qb3 dxc4 6.Qxc4 O-O 7.e4 Na6 8.Qb3 c5
9.d5 e6 10.Bxa6 bxa6 11.O-O exd5 12.exd5 Re8 13.Bf4 Qb6 14.Rad1 Bb7 15.Nd2
Rad8 16.Qxb6 axb6 17.Bc7 Rxd5 18.Nxd5 Nxd5 19.Nc4 Nxc7 20.Rd7 Be4 21.Nd6 Re6
22.Nxf7 Nb5 23.Ng5 Re5 24.f4 Re8 25.a4 Bd4+ 26.Kh1 Bc6 27.Rxh7 Re2 28.Rg1
Bxg2+ 29.Rxg2 Re1+ {#R} 0-1

[Event "It (cat.9)"]
[Site "masterchessopen.com – Polanica Zdroj (Poland)"]
[Round "0"]
[White "Bronstein David I (RUS)"]
[Black "Jasnikowski Zbigniew (POL)"]
[Result "0-1"]
[WhiteElo "2432"]
[BlackElo "2425"]

1.d4 Nf6 2.c4 g6 3.Nc3 d5 4.Nf3 Bg7 5.Qb3 dxc4 6.Qxc4 O-O 7.e4 Na6 8.e5 Nd7
9.e6 Nb6 10.exf7+ Kh8 11.Qb3 c5 12.dxc5 Nxc5 13.Qb5 Nca4 14.Bd2 Bd7 15.Qb3 Rc8
16.Nb5 Bf5 17.Nxa7 Rc2 18.Be3 Rxb2 19.Qa3 Nd5 20.Rd1 Qa5+ 21.Bd2 Qxa7 22.Bc4
Ndc3 23.Rc1 Nb1 24.Qxe7 Nxd2 25.Nxd2 Rxd2 26.Kxd2 Qxf2+ {#R} 0-1